00360 2200157 4500001002100000008004100021035002000062245002800082100000800110260002100118300001100139084001400150082000800164650001200172990001800184INLIS000000000000591 ind  a0010-0724000591 aKancil Dan Harimaucxxx axxx aSurabayabFarhas a16 hlm a398 XXX k a398 aFolklor aP29/CP/24/591